Online
Catalog

Cuentos de ciencia ficción : (Record no. 22413)

MARC details
000 -CABECERA
campo de control de longitud fija 00853nam a2200277 a 4500
001 - NÚMERO DE CONTROL
campo de control 000022916
005 - FECHA Y HORA DE LA ÚLTIMA TRANSACCIÓN
campo de control 20200930021853.0
008 - DATOS DE LONGITUD FIJA--INFORMACIÓN GENERAL
campo de control de longitud fija 101122s1997 mx r 000 | spa d
020 ## - NÚMERO INTERNACIONAL ESTÁNDAR DEL LIBRO
Número Internacional Estándar del Libro 9681903544
040 ## - FUENTE DE LA CATALOGACIÓN
Centro catalogador/agencia de origen DO-SdBNP
Lengua de catalogación spa
Centro/agencia transcriptor BNPHU
082 ## - NÚMERO DE LA CLASIFICACIÓN DECIMAL DEWEY
Número de clasificación xxx
Número de documento/Ítem C569
049 ## - FONDOS LOCALES (OCLC)
Fondos de biblioteca BNGR
245 10 - MENCIÓN DE TÍTULO
Título Cuentos de ciencia ficción :
Resto del título antología /
Mención de responsabilidad, etc. seleccón y prólogo Ricardo Bernal ; H. G. Well ...[et al.].
250 ## - MENCIÓN DE EDICIÓN
Mención de edición 3a ed.
260 ## - PUBLICACIÓN, DISTRIBUCIÓN, ETC.
Lugar de publicación, distribución, etc. México D.F. :
Nombre del editor, distribuidor, etc. Alfaguara,
Fecha de publicación, distribución, etc. 1997.
300 ## - DESCRIPCIÓN FÍSICA
Extensión 195 p. ;
Dimensiones 22 cm.
700 1# - PUNTO DE ACCESO ADICIONAL--NOMBRE DE PERSONA
Nombre de persona Well, H. G.
9 (RLIN) 47109
700 1# - PUNTO DE ACCESO ADICIONAL--NOMBRE DE PERSONA
Nombre de persona Hamilton, Edmond
9 (RLIN) 47110
700 1# - PUNTO DE ACCESO ADICIONAL--NOMBRE DE PERSONA
Nombre de persona Bradbury, Ray
9 (RLIN) 47111
700 1# - PUNTO DE ACCESO ADICIONAL--NOMBRE DE PERSONA
Nombre de persona Simak, Clifford D.
9 (RLIN) 47112
700 1# - PUNTO DE ACCESO ADICIONAL--NOMBRE DE PERSONA
Nombre de persona Silverberg, Robert
9 (RLIN) 45056
700 1# - PUNTO DE ACCESO ADICIONAL--NOMBRE DE PERSONA
Nombre de persona Clarke, Arthur C.
9 (RLIN) 47113
700 1# - PUNTO DE ACCESO ADICIONAL--NOMBRE DE PERSONA
Nombre de persona Asimov, Isaac C.
9 (RLIN) 47114
700 1# - PUNTO DE ACCESO ADICIONAL--NOMBRE DE PERSONA
Nombre de persona Lem, Stanislaw
9 (RLIN) 47115
700 1# - PUNTO DE ACCESO ADICIONAL--NOMBRE DE PERSONA
Nombre de persona Dick, Philip K.
9 (RLIN) 47116
Holdings
Estado de retiro Estado de pérdida Restricciones de uso No para préstamo Código de colección Localización permanente Ubicación/localización actual Ubicación en estantería Fecha de adquisición Número de inventario Total de préstamos Signatura topográfica completa Código de barras Fecha visto por última vez Precio válido a partir de Tipo de ítem Koha
      Excluido de préstamo Monografías: Libros y Folletos General General En catalogación 22.11.2010 LF1   xxx C569 22916-10 25.06.2020 25.06.2020 No se presta

Powered by Koha